Statistics for Countries and World Capitals Starting with N

Click here to take the quiz!

General Stats

  • This quiz has been taken 336 times
    (149 since last reset)
  • The average score is 16 of 24

Answer Stats

country / capital% Correct
Niger
92%
Nigeria
92%
Nicaragua
89%
Namibia
85%
Nauru
83%
New Zealand
83%
North Korea
83%
Niamey
80%
Nepal
79%
Netherlands
75%
Norway
75%
North Macedonia
71%
New Delhi
66%
Nassau
65%
Nairobi
63%
N'Djamena
63%
Nouakchott
63%
Nicosia
59%
Naypyidaw
53%
Nukuʻalofa
49%
Ngerulmud
48%
Nur-Sultan
32%
Nuuk
26%
Niue
23%

Score Distribution

Percentile by Number Answered

Percent of People with Each Score

Your Score History

You have not taken this quiz since the last reset